[Event "Santiago de los Caballeros op"]
[Site "Santiago de los Caballeros"]
[Date "2015.11.08"]
[Round "4"]
[White "Sanchez Vargas, Edward Tancredo"]
[Black "Marrero Garcia, Lendry Ismael"]
[Result "1-0"]
[WhiteElo "2193"]
[BlackElo "1661"]
[PlyCount "95"]
[EventDate "2015.11.06"]
[EventType "swiss"]
[EventRounds "6"]
[EventCountry "DOM"]
[SourceTitle "CBM 169 Extra"]
[Source "ChessBase"]
[SourceDate "2015.12.18"]
[SourceVersion "1"]
[SourceVersionDate "2015.12.18"]
[SourceQuality "1"]

1. d4 Nf6 2. c4 e6 3. Nc3 d5 4. cxd5 exd5 5. Bg5 Be7 6. e3 Bf5 7. Bxf6 Bxf6 8. Qb3 b6 9. Qxd5 Qxd5 10. Nxd5 Bd8 11. Rc1 c6 12. Nc3 Nd7 13. Nf3 c5 14. Bb5 a6 15. Bc6 Ra7 16. dxc5 0-0 17. cxb6 Bxb6 18. 0-0 Nc5 19. Nd5 Nd3 20. Nxb6 Nxc1 21. Rxc1 Rc7 22. Nd5 Ra7 23. Nd4 Bg6 24. Ba4 Be4 25. Nc3 Rc7 26. f3 Bb7 27. Kf2 Rfc8 28. Nf5 Rd8 29. Nd4 Rdc8 30. Rd1 g6 31. Bb3 Kg7 32. e4 h6 33. Bd5 Rb8 34. Bxb7 Rbxb7 35. Rd2 Rb8 36. Nb3 Rcb7 37. Rd5 Rc7 38. Rd6 Ra8 39. Ke3 a5 40. Kd4 a4 41. Nc5 a3 42. b4 Rcc8 43. b5 Ra7 44. b6 Ra5 45. Rd5 Kg8 46. Nd7 Rxd5+ 47. Nxd5 Rc2 48. b7 1-0